000 00572nam a2200205 a 4500
999 _c12699
_d12699
003 PK-NaQUE
005 20260408142508.0
008 260408b ||||| |||| 00| 0 eng d
020 _a0448044307 (hardcover)
020 _a9780448044309 (hardcover)
040 _cQUEST
100 1 _aLeokum, Arkady.
245 1 0 _aTell Me Why /
250 _a1st ed.
260 _a[S.l.] :
_bGrosset & Dunlap,
_c1965.
300 _a479 p. ;
650 _aChildren's questions and answers
856 4 0 _uhttp://10.10.170.122:8080/browse/book/29505
_yDownload eBook
942 _cBK
_2ddc